| 000 | 00760pam a2200265 i 4500 | ||
|---|---|---|---|
| 001 | 2402 | ||
| 003 | BD-RjUL | ||
| 005 | 20211208233537.0 | ||
| 008 | 131211s1975 nyua b 000 0 eng | ||
| 020 | _a0394319230 | ||
| 035 | _a(BD-RjUL)2429 | ||
| 040 |
_aDLC _cDLC _dDLC _dBD-RjUL _beng |
||
| 041 | _aeng | ||
| 082 | 0 | 0 |
_a339 _219 _bKEM 1975 |
| 100 | 1 |
_aKeiser, Norman Fred, _d1930- _97791 |
|
| 245 | 0 | 0 |
_aMacroeconomics : _bproblems and a survey of theory / _cNorman F. Keiser. |
| 250 | _a2d ed. | ||
| 260 |
_aNew York : _bRandom House, _cc1975. |
||
| 300 |
_avi, 248 p. : _bill. ; _c28 cm. |
||
| 504 | _aIncludes bibliographical references. | ||
| 650 | 0 |
_aMacroeconomics. _97792 |
|
| 942 |
_2ddc _cBK |
||
| 999 |
_c2402 _d2402 |
||